<?xml version="1.0" encoding="UTF-8"?>
<record
    xmlns:xsi="http://www.w3.org/2001/XMLSchema-instance"
    xsi:schemaLocation="http://www.loc.gov/MARC21/slim http://www.loc.gov/standards/marcxml/schema/MARC21slim.xsd"
    xmlns="http://www.loc.gov/MARC21/slim">

  <leader>00883nam a2200217Ia 4500</leader>
  <controlfield tag="001">4237</controlfield>
  <controlfield tag="003">GE_BSU</controlfield>
  <controlfield tag="008">181216s||||||||xx |||||||||||||| ||und||</controlfield>
  <datafield tag="040" ind1=" " ind2=" ">
    <subfield code="c">GE_BSU</subfield>
  </datafield>
  <datafield tag="080" ind1=" " ind2=" ">
    <subfield code="a">69.057.16(075.32)</subfield>
  </datafield>
  <datafield tag="100" ind1=" " ind2=" ">
    <subfield code="a">&#x411;&#x430;&#x440;&#x430;&#x43D;&#x43E;&#x432;,&#x41B;.&#x410;. &#x421;&#x442;&#x435;&#x440;&#x43B;&#x438;&#x43D;,&#x421;.&#x41B;. &#x42D;&#x439;&#x434;&#x435;&#x43B;&#x44C;&#x43D;&#x430;&#x43D;&#x442;,&#x41B;.&#x411;.</subfield>
  </datafield>
  <datafield tag="245" ind1=" " ind2=" ">
    <subfield code="a">&#x422;&#x435;&#x445;&#x43D;&#x438;&#x43A;&#x430; &#x431;&#x435;&#x437;&#x43E;&#x43F;&#x430;&#x441;&#x43D;&#x43E;&#x441;&#x442;&#x438; &#x43F;&#x440;&#x438; &#x43C;&#x43E;&#x43D;&#x442;&#x430;&#x436;&#x435; &#x442;&#x435;&#x445;&#x43D;&#x43E;&#x43B;&#x43E;&#x433;&#x438;&#x447;&#x435;&#x441;&#x43A;&#x43E;&#x433;&#x43E; &#x43E;&#x431;&#x43E;&#x440;&#x443;&#x434;&#x43E;&#x432;&#x430;&#x43D;&#x438;&#x44F; &#x438; &#x442;&#x440;&#x443;&#x431;&#x43E;&#x43F;&#x440;&#x43E;&#x432;&#x43E;&#x434;&#x43E;&#x432;.</subfield>
  </datafield>
  <datafield tag="245" ind1=" " ind2=" ">
    <subfield code="c">&#x440;&#x435;&#x434;. &#x438;&#x437;-&#x442;&#x432;&#x43E; &#x41B;.&#x41D;.&#x417;&#x432;&#x43E;&#x440;&#x42B;&#x43A;&#x438;&#x43D;&#x430;.</subfield>
  </datafield>
  <datafield tag="250" ind1=" " ind2=" ">
    <subfield code="a">&#x438;&#x437;&#x434;. 2-&#x435;, &#x43F;&#x435;&#x440;&#x435;&#x440;&#x430;&#x431;&#x43E;&#x442;&#x43D;&#x43D;&#x43E;&#x435;.</subfield>
  </datafield>
  <datafield tag="260" ind1=" " ind2=" ">
    <subfield code="a">&#x41C;.</subfield>
  </datafield>
  <datafield tag="260" ind1=" " ind2=" ">
    <subfield code="b">&#x421;&#x442;&#x440;&#x43E;&#x438;&#x442;&#x435;&#x43B;&#x44C;&#x441;&#x442;&#x432;&#x430;.</subfield>
  </datafield>
  <datafield tag="260" ind1=" " ind2=" ">
    <subfield code="c">1972.</subfield>
  </datafield>
  <datafield tag="300" ind1=" " ind2=" ">
    <subfield code="a">288&#x441;&#x442;&#x440;. 22&#x441;&#x43C;.</subfield>
  </datafield>
  <datafield tag="653" ind1=" " ind2=" ">
    <subfield code="a">&#x422;&#x435;&#x445;&#x43D;&#x438;&#x43A;&#x430; &#x431;&#x435;&#x437;&#x43E;&#x43F;&#x430;&#x441;&#x43D;&#x43E;&#x441;&#x442;&#x438; &#x43F;&#x440;&#x438; &#x43C;&#x43E;&#x43D;&#x442;&#x430;&#x436;&#x435; &#x442;&#x435;&#x445;&#x43D;&#x43E;&#x43B;&#x43E;&#x433;&#x438;&#x447;&#x435;&#x441;&#x43A;&#x43E;&#x433;&#x43E; &#x43E;&#x431;&#x43E;&#x440;&#x443;&#x434;&#x43E;&#x432;&#x430;&#x43D;&#x438;&#x44F; &#x438; &#x442;&#x440;&#x443;&#x431;&#x43E;&#x43F;&#x440;&#x43E;&#x432;&#x43E;&#x434;&#x43E;&#x432;.</subfield>
  </datafield>
  <datafield tag="942" ind1=" " ind2=" ">
    <subfield code="c">BK</subfield>
  </datafield>
  <datafield tag="999" ind1=" " ind2=" ">
    <subfield code="c">38247</subfield>
    <subfield code="d">38247</subfield>
  </datafield>
  <datafield tag="952" ind1=" " ind2=" ">
    <subfield code="0">0</subfield>
    <subfield code="1">0</subfield>
    <subfield code="4">0</subfield>
    <subfield code="7">0</subfield>
    <subfield code="9">39048</subfield>
    <subfield code="d">2018-12-17</subfield>
    <subfield code="p">9346</subfield>
    <subfield code="r">2018-12-17</subfield>
    <subfield code="w">2018-12-17</subfield>
    <subfield code="y">BK</subfield>
  </datafield>
</record>
